000 01536naa a22003377a 4500
001 BR8107656
003 BR-BrBNA
005 20240918175056.0
007 ta
008 230509b bl.||||| |||| 00| 0 por d
040 _aBR-BrBNA
_bpor
_cBiblioteca Nacional de Agricultura
041 _a(En)
072 _aL10
_b4020
090 _aL10 BR8107656
100 1 _aGlover, D.M.
100 1 _aAddison, C.F.
100 1 _aCicco, D.
100 1 _aMcClelland, A.
100 1 _aRoss Miller, J.
100 1 _aRhoiha, H.
100 1 _aSmith, D.F.
111 1 _aSimposio Internacional de Engenharia Genetica
_cPiracicaba, SP (Brazil)
_d6-10 Dec 1981
245 1 _aThe application of DNA cloning techniques to analyse two sets of genes from Drosophila Melanogaster [engenharia genetica, mosca, acido desoxiribonucleico]
260 3 _aSao Paulo, SP (Brasil):
_c1981.
500 _aCrocomo, O.J.; Tavares, F.C.A.; Sodrzeieski, D. (eds.) Anais do Simposio Internacional de Engenharia Genetica. Engenharia genetica para biotecnologia Sao Paulo, SP (Brasil): 1981. p. 67-71 (BR8107656-AM)L10
650 _aENGENHARIA GENETICA
650 _aMOSCA
773 0 _tAnais do Simposio Internacional de Engenharia Genetica. Engenharia genetica para biotecnologia
_aCrocomo, O.J.; Tavares, F.C.A.; Sodrzeieski, D. (eds.). Secretaria de Industria, Comercio, Ciencia e Tecnologia do Estado de Sao Paulo, Sao Paulo (Brasil)
_wL10 BR8107656
_gSao Paulo, SP (Brasil), 1981. p. 67-71
909 _a202404
_bLucia
_c55
_dLucia Elande
942 _cAM
_2AGRIS
999 _c314874
_d314874